Customs in common

Saved in:
Bibliographic Details
Main Author: Thompson, E. P. (Edward Palmer) 1924-
Format: Book
Language:English
Published: New York : The New Press, 1991
Subjects:
Tags: Add Tag
No Tags, Be the first to tag this record!

MARC

LEADER 00000nam a2200000 i 4500
001 1/95586
008 951009s1991 eng d
020 |a 1-56584-003-8 
035 |l 10009799 
040 |a GR-MY-UA  |b gre  |e aacr 
041 0 |a eng 
082 0 |a 306.40942 
100 1 |a Thompson, E. P.  |q (Edward Palmer)  |d 1924- 
245 1 0 |a Customs in common /  |c E. P. Thompson 
260 |a New York :   |b The New Press,   |c 1991 
300 |a 547 p.  |b ill. 
504 |a Includes index 
650 0 0 |a Popular culture  |z England  |x History  |y 18th century. 
650 0 0 |a Working class  |z England  |x History  |y 18th century. 
651 0 |a England  |x Social conditions  |y 18th century. 
651 0 |a England  |x Social life and customs  |y 18th century. 
651 0 |a England  |x Economic conditions  |y 18th century. 
852 |a INST  |b LESVOS  |e 19951009  |h 306.40942 THO  |p 005100010763  |q 005100010763  |t BK  |y 0 
909 |a Λ  |b 040225 
922 |a 1ΕΛΗ  |b 199503  |c 120/ΕΞΕΡΤΖΟΓΛΟΥ 
950 |a 120-1994-09-01